000 00702nam a2200205 i 4500
001 25752
003 ES-MaACL
005 20250805063229.0
007 t|
008 030102s1926 sp ||||1| cat d
100 0 _aAristóteles
_922861
245 1 0 _aPoética
_b: [Constitució d'Arenes] /
_cAristóteles ; texte i traducció de J. Farrán i Mayoral.
260 _aBarcelona :
_bFundació Bernat Metge,
_c1926 (
_fEmporium)
300 _a2 t. con 1 v. ;
_c22 cm.
490 1 _aFundació Bernat Metge. Escriptors Grees
700 1 _aFarrán y Mayoral, J.
_948882
830 0 _aFundació Bernat Metge. Escriptors Grees
_9183839
852 _aES-MaACL
_jC-6773
999 _c25752
_d25752